The hieratic ritual books of Pawerem (P. BM EA 10252 and P. BM EA 10081) from the late 4th century BC /

محفوظ في:

المؤلف الرئيسي: Gill, Ann-Katrin, 1986- (مؤلف)

التنسيق: كتاب

اللغة: English

منشور في: Wiesbaden : Harrassowitz Verlag, 2019.

سلاسل: Studien zur spätägyptischen Religion ; Bd. 25.

الموضوعات:

الوسوم: إضافة وسم

لا توجد وسوم, كن أول من يضع وسما على هذه التسجيلة!

رقم الطلب: On Hold

LEADER 02478nam a22006137a 4500
003 OSt
005 20260429073941.0
008 260429t20192019gw a b 001 0 eng d
010 |a  2019436891 
016 7 |a 1188063456  |2 DE-101 
020 |a 9783447112390  |q (hardbound) 
020 |a 3447112395  |q (hardbound) 
024 3 |a 9783447112390 
035 |a 21293457 
035 |a (OCoLC)1114264666 
040 |a OHX  |b eng  |c OHX  |e rda  |d PUL  |d OCLCO  |d OCLCF  |d PTS  |d COO  |d YDXIT  |d DLC 
042 |a lccopycat 
043 |a f-ua--- 
050 1 4 |a On Hold 
072 7 |a BL  |2 lcco 
072 7 |a DT  |2 lcco 
072 7 |a Z  |2 lcco 
082 0 4 |a 299.31  |2 23 
100 1 |a Gill, Ann-Katrin,  |d 1986-  |e author. 
245 1 4 |a The hieratic ritual books of Pawerem (P. BM EA 10252 and P. BM EA 10081) from the late 4th century BC /  |c Ann-Katrin Gill. 
264 1 |a Wiesbaden :  |b Harrassowitz Verlag,  |c 2019. 
264 4 |c ©2019 
300 |a 2 volumes (xvii, 1075 pages) :  |b illustrations (chiefly color) ;  |c 31 cm. 
336 |a text  |b txt  |2 rdacontent 
336 |a still image  |b sti  |2 rdacontent 
337 |a unmediated  |b n  |2 rdamedia 
338 |a volume  |b nc  |2 rdacarrier 
490 1 |a Studien zur spätägyptischen Religion ;  |x 2190-3646 ;  |v Band 25 
500 |a Revised thesis (doctoral)--University of Oxford, 2017. 
504 |a Includes bibliographical references (pages [609]-644) and indexes. 
600 0 0 |a Osiris  |c (Egyptian deity)  |x Cult  |v Early works to 1800. 
600 0 7 |a Osiris  |c (Egyptian deity)  |2 fast  |0 (OCoLC)fst01048701 
650 0 |a Religious literature, Egyptian  |v Early works to 1800. 
650 0 |a Egyptian language  |v Papyri, Hieratic. 
650 0 |a Inscriptions, Egyptian. 
650 7 |a Cults.  |2 fast  |0 (OCoLC)fst00884980 
650 7 |a Egyptian language.  |2 fast  |0 (OCoLC)fst00903925 
650 7 |a Inscriptions, Egyptian.  |2 fast  |0 (OCoLC)fst01199431 
650 7 |a Religious literature, Egyptian.  |2 fast  |0 (OCoLC)fst01094160 
651 0 |a Egypt  |x Religious life and customs  |v Early works to 1800. 
651 7 |a Egypt.  |2 fast  |0 (OCoLC)fst01208755 
655 7 |a Early works.  |2 fast  |0 (OCoLC)fst01411636 
655 7 |a Papyri, Hieratic.  |2 fast  |0 (OCoLC)fst01930958 
830 0 |a Studien zur spätägyptischen Religion ;  |v Bd. 25.  |x 2190-3646 
906 |a 7  |b cbc  |c copycat  |d 2  |e ncip  |f 20  |g y-gencatlg 
942 |2 lcc  |c BK 
955 |b fd06 2020-01-13 z-processor  |i fd21 2023-05-10 (2 volumes) to CMD 
955 |a ve21  |a fd10 2019-12-20  |a fd00 2020-01-03 to GS/GER 
999 |c 62203  |d 62203